Electronic circuit analysis : (Record no. 180885)
[ view plain ]
| 000 -LEADER | |
|---|---|
| fixed length control field | 00838 a2200241 4500 |
| 003 - CONTROL NUMBER IDENTIFIER | |
| control field | Nust |
| 005 - DATE AND TIME OF LATEST TRANSACTION | |
| control field | 20221202110218.0 |
| 010 ## - LIBRARY OF CONGRESS CONTROL NUMBER | |
| LC control number | 83021743 |
| 020 ## - INTERNATIONAL STANDARD BOOK NUMBER | |
| International Standard Book Number | 0471805157 (pbk.) |
| 020 ## - INTERNATIONAL STANDARD BOOK NUMBER | |
| International Standard Book Number | 0471866261 : |
| 040 ## - CATALOGING SOURCE | |
| Transcribing agency | Nust |
| 082 00 - DEWEY DECIMAL CLASSIFICATION NUMBER | |
| Classification number | 621.38153,COL |
| 100 1# - MAIN ENTRY--PERSONAL NAME | |
| Personal name | Colclaser, Roy A. |
| 9 (RLIN) | 103986 |
| 245 10 - TITLE STATEMENT | |
| Title | Electronic circuit analysis : |
| Remainder of title | basic principles / |
| Statement of responsibility, etc. | Roy A. Colclaser, Donald A. Neamen, Charles F. Hawkins. |
| 260 ## - PUBLICATION, DISTRIBUTION, ETC. | |
| Place of publication, distribution, etc. | New York : |
| Name of publisher, distributor, etc. | Wiley, |
| Date of publication, distribution, etc. | c1984. |
| 300 ## - PHYSICAL DESCRIPTION | |
| Extent | xviii, 574 p. : |
| Other physical details | ill. ; |
| Dimensions | 24 cm. |
| 505 ## - FORMATTED CONTENTS NOTE | |
| Formatted contents note | Introduction to Device Concepts (Page-1), Digital Electronics (Page-143), Analog Electronics (Page-305). |
| 650 #0 - SUBJECT ADDED ENTRY--TOPICAL TERM | |
| Topical term or geographic name entry element | Electronic apparatus and appliances. |
| 9 (RLIN) | 10193 |
| 650 #0 - SUBJECT ADDED ENTRY--TOPICAL TERM | |
| Topical term or geographic name entry element | Telecommunication Engineering |
| 700 1# - ADDED ENTRY--PERSONAL NAME | |
| Personal name | Hawkins, Charles F. |
| 9 (RLIN) | 103987 |
| 700 1# - ADDED ENTRY--PERSONAL NAME | |
| Personal name | Neamen, Donald A. |
| 9 (RLIN) | 59734 |
| 942 ## - ADDED ENTRY ELEMENTS (KOHA) | |
| Source of classification or shelving scheme | |
| Koha item type | Book |
| Withdrawn status | Lost status | Source of classification or shelving scheme | Damaged status | Not for loan | Permanent Location | Current Location | Shelving location | Date acquired | Full call number | Barcode | Date last seen | Price effective from | Koha item type | Public note |
|---|---|---|---|---|---|---|---|---|---|---|---|---|---|---|
| Military College of Signals (MCS) | Military College of Signals (MCS) | General Stacks | 12/12/2016 | 621.38153,COL | MCS875 | 12/08/2016 | 12/12/2016 | Book | Almirah No.34, Shelf No.2 |
